000 00644nam a2200229Ia 4500
003 OSt
005 20220923231009.0
006 a|||||r|||| 00| 0
007 ta
008 220922b |||||||| |||| 00| 0 pan d
024 _a351,724
037 _cTextual
040 _aARTS
_cARTS
_bpan
041 _2pan
_apan
082 _aO153,3NVI1,MD, M0
100 _aਬੀਰ, ਰਘਬੀਰ, ਂਚ.
245 0 _aਮਿੱਟੀ ਦਾ ਮੋਹ
260 _c1980
650 _aਪੰਜਾਬੀ ਸਾਹਿਤ
942 _hO153,3NVI1,MD, M0
_cTEXL
_2CC
999 _c388683
_d388683